| 000 | 00980nas a2200325 4500 | ||
|---|---|---|---|
| 001 | BR2011003662 | ||
| 003 | BR-BrBNA | ||
| 005 | 20231205115418.0 | ||
| 007 | ta | ||
| 008 | 230509b bl.|||p| |||| 00| 00por d | ||
| 040 |
_aBR-BrBNA _bpor _cBiblioteca Nacional de Agricultura |
||
| 041 | _a(En) | ||
| 072 | _aL73 | ||
| 100 | 1 | _aMoura, A.B. | |
| 100 | 1 | _aSouza, A.P. | |
| 100 | 1 | _aSartor, A.A. | |
| 100 | 1 | _aBellato, V. | |
| 100 | 1 | _aPisetta, G.M. | |
| 100 | 1 | _aTeixeira, E.B. | |
| 100 | 1 | _aHeusser Junior, A. | |
| 245 | 1 | _aNeospora caninum antibodies and risk factors in dogs from Lages and Balneário Camboriú, SC | |
| 650 | _aCÃO | ||
| 650 | _aEPIDEMIOLOGIA | ||
| 650 | _aNEOSPORA CANINUM | ||
| 650 | _aNEOSPOROSE | ||
| 650 | _aANTICORPO | ||
| 773 | 0 |
_tArquivo Brasileiro de Medicina Veterinária e Zootecnia (Brazil) _xISSN 0102-0935 _g(Feb 2011), v. 63(1) p. 262-265 _wBR2011003662 |
|
| 909 |
_a202311 _bLúcia _c55 _dLúcia Elande |
||
| 942 |
_2AGRIS _n0 _cANA |
||
| 999 |
_c213666 _d213666 |
||